000 003140000a22001450004500
003 MACL
040 _aMACL
090 _c48839
_d48837
100 _aSharma, Dr H P
245 _aMadhya pradesh PET At a Glance
260 _bUpkar Prakashan
350 _a280
650 _aEngineering
942 _cBOOK
_k620.543/SHA
999 _c48318
_d48318